|
|
|
|
| LEADER |
00000nam a22000007a 4500 |
| 005 |
2021021700320.0 |
| 007 |
cr|||| |||| |
| 008 |
210217s2010 au |||||s|||| 00||0 eng d |
| 020 |
|
|
|a 978-0-85724-004-0
|
| 035 |
|
|
|a 31980
|
| 040 |
|
|
|a vLex
|
| 090 |
|
|
|c 11176
|d 11176
|
| 100 |
1 |
|
|a Brauer, Jurgen
|
| 245 |
1 |
0 |
|a Economics of War and Peace
|h [Recurso electrn̤ico] :
|b Economic, Legal, and Political Perspectives /
|c Jurgen Brauer, Benjamin E. Goldsmith
|
| 256 |
|
|
|a Servicio en ln̕ea
|
| 260 |
|
|
|a Bingley:
|b Emerald Group Publishing Limited,
|c 2010
|
| 300 |
|
|
|a 1 recurso electrn̤ico
|
| 506 |
1 |
|
|a Disponible solo en los productos indicados
|d vLex Global
|d vLex Global (Academic Edition, excluding Law Schools)
|d vLex Global (Academic Edition, Law Schools)
|d vLex Global (U.S. Academic Edition, excluding Law Schools)
|d vLex Global (Academic Edition, Law Schools)
|
| 650 |
0 |
4 |
|a Derecho Internacional
|z Australia
|
| 700 |
1 |
|
|a Goldsmith, Benjamin E.
|
| 740 |
0 |
|
|a vLex Libros (Servicio en ln̕ea)
|
| 856 |
4 |
0 |
|u http://vlex.com/source/31980
|z Acceso restringido
|
| 942 |
|
|
|c BOOK
|
| 999 |
0 |
|
|a International right
|